000 00670nam a2200253Ia 4500
003 OSt
005 20221007111826.0
006 a|||||r|||| 00| 0
007 ta
008 221006b |||||||| |||| 00| 0 eng d
020 _a0195699211
024 _a24,369
037 _cTextual
040 _aLCO
_cLCO
_beng
041 _2eng
_aeng
082 _aZ(Q2), P8
100 _aMenski Werner F.
_919686
245 0 _aHindu Law
_b Beyond Tradition and Modernity
260 _aNew
_bDelhi Oxford University Press India
_c2008
300 _a648
650 _aHINDU LAW
942 _hZ(Q2), P8
_cTEXL
999 _c1193932
_d1193932